The Far East and Australasia / (Record no. 60632)
[ view plain ]
| 000 -الفاتح | |
|---|---|
| حقل البيانات ثابتة الطول | 02413cas a2200721 a 4500 |
| 005 - وقت وتاريخ اخر تعامل مع التسجيلة | |
| رقم الضبط | 20240530110420.0 |
| 008 - عناصر البيانات ثابتة الطول - معلومات عامة | |
| حقل البيانات ثابتة الطول | 750520s2009 uk ab g 0 1 a0eng c |
| 020 ## - الرقم الدولى المعيارى للكتب | |
| الرقم الدولى المعيارى للكتاب | 9781857434750 |
| 020 ## - الرقم الدولى المعيارى للكتب | |
| الرقم الدولى المعيارى للكتاب | 1857434757 |
| 022 ## - الرقم الدولى المعيارى للدوريات | |
| الرقم الدولى المعيارى للدوريات | 00713791 |
| 030 ## - | |
| -- | FEAUDC |
| 035 ## - رقم ضبط النظام | |
| رقم ضبط النظام | (OCoLC)ocm01345792 |
| 040 ## - مصدر الفهرسة | |
| وكالة الفهرسة الأصلية | EG-CaGPL |
| وكالة النسخ | EG-CaGPL |
| 050 14 - | |
| -- | AG105 |
| -- | .F37 |
| 082 04 - رقم تصنيف ديوى العشرى | |
| رقم الطبعة | 21 |
| رقم التصنيف | 950 |
| رقم المادة | G REF/D F |
| 100 ## - المدخل الرئيسى - إسم شخصى | |
| رمز الرابط | Daniel , Lynn |
| 245 04 - بيان العنوان | |
| العنوان | The Far East and Australasia / |
| بيان المسئوليه,etc | Editor Lynn Daniel , Meena Khan |
| 250 ## - بيان الطبعة | |
| بيان الطبعة | ed.40 |
| 260 ## - PUBLICATION, DISTRIBUTION, ETC. (IMPRINT) | |
| تاريخ النشر أو التوزيع | 2009 . |
| 300 ## - الوصف المادى | |
| التعداد | 1513 p. : |
| تفاصيل ماديه اخرى للوعاء | ill., maps. ; |
| أبعاد الوعاء | 26 cm. |
| 650 14 - المدخل الاضافى بالموضوع-مصطلح موضوعى | |
| مصطلح موضوعي | Condições econômicas |
| التقسيم الفرعي الجغرافي | Ásia. |
| 650 #4 - المدخل الاضافى بالموضوع-مصطلح موضوعى | |
| مصطلح موضوعي | Política |
| التقسيم الفرعي الجغرافي | Ásia. |
| 650 #4 - المدخل الاضافى بالموضوع-مصطلح موضوعى | |
| مصطلح موضوعي | Comércio |
| التقسيم الفرعي الجغرافي | Ásia. |
| 650 #4 - المدخل الاضافى بالموضوع-مصطلح موضوعى | |
| مصطلح موضوعي | Finanças |
| -- | Ásia. |
| 650 14 - المدخل الاضافى بالموضوع-مصطلح موضوعى | |
| مصطلح موضوعي | Política |
| التقسيم الفرعي الجغرافي | Áustrália. |
| 650 #4 - المدخل الاضافى بالموضوع-مصطلح موضوعى | |
| مصطلح موضوعي | Condições economicas |
| التقسيم الفرعي الجغرافي | Áustrália. |
| 650 #4 - المدخل الاضافى بالموضوع-مصطلح موضوعى | |
| مصطلح موضوعي | Comércio |
| التقسيم الفرعي الجغرافي | Áustrália. |
| 650 #4 - المدخل الاضافى بالموضوع-مصطلح موضوعى | |
| مصطلح موضوعي | Finanças |
| -- | Áustrália. |
| 650 #7 - المدخل الاضافى بالموضوع-مصطلح موضوعى | |
| مصطلح موضوعي | CRONOLOGIA HISTORICA |
| التقسيم الفرعي العام | PUBLICACIONES PERIODICAS. |
| مصدر الرأس أو المصطلح | renib |
| 650 #7 - المدخل الاضافى بالموضوع-مصطلح موضوعى | |
| مصطلح موضوعي | ORGANISMOS INTERNACIONALES |
| التقسيم الفرعي العام | DIRECTORIOS |
| -- | PUBLICACIONES PERIODICAS. |
| مصدر الرأس أو المصطلح | renib |
| 650 #7 - المدخل الاضافى بالموضوع-مصطلح موضوعى | |
| مصطلح موضوعي | Länderforschung. |
| مصدر الرأس أو المصطلح | stw |
| 650 #7 - المدخل الاضافى بالموضوع-مصطلح موضوعى | |
| مصطلح موضوعي | Internationale Organisation. |
| مصدر الرأس أو المصطلح | stw |
| 650 #7 - المدخل الاضافى بالموضوع-مصطلح موضوعى | |
| مصطلح موضوعي | Asien. |
| مصدر الرأس أو المصطلح | stw |
| 650 #7 - المدخل الاضافى بالموضوع-مصطلح موضوعى | |
| مصطلح موضوعي | Asiatisch-pazifischer Raum. |
| مصدر الرأس أو المصطلح | stw |
| 650 #7 - المدخل الاضافى بالموضوع-مصطلح موضوعى | |
| مصطلح موضوعي | Sowjetunion (Asiatischer Teil) |
| مصدر الرأس أو المصطلح | stw |
| 650 #7 - المدخل الاضافى بالموضوع-مصطلح موضوعى | |
| مصطلح موضوعي | Australien. |
| مصدر الرأس أو المصطلح | stw |
| 650 #7 - المدخل الاضافى بالموضوع-مصطلح موضوعى | |
| مصطلح موضوعي | Pazifischer Raum. |
| مصدر الرأس أو المصطلح | stw |
| 650 #7 - المدخل الاضافى بالموضوع-مصطلح موضوعى | |
| مصطلح موضوعي | Statistik. |
| مصدر الرأس أو المصطلح | stw |
| 650 #7 - المدخل الاضافى بالموضوع-مصطلح موضوعى | |
| مصطلح موضوعي | Gebietskörperschaft. |
| مصدر الرأس أو المصطلح | stw |
| 650 17 - المدخل الاضافى بالموضوع-مصطلح موضوعى | |
| مصطلح موضوعي | AREA STUDIES. |
| مصدر الرأس أو المصطلح | unbist |
| 650 17 - المدخل الاضافى بالموضوع-مصطلح موضوعى | |
| مصطلح موضوعي | ASIA AND THE PACIFIC. |
| مصدر الرأس أو المصطلح | unbist |
| 650 27 - المدخل الاضافى بالموضوع-مصطلح موضوعى | |
| مصطلح موضوعي | HISTORY. |
| مصدر الرأس أو المصطلح | unbist |
| 650 27 - المدخل الاضافى بالموضوع-مصطلح موضوعى | |
| مصطلح موضوعي | DIRECTORIES. |
| مصدر الرأس أو المصطلح | unbist |
| 651 #0 - المدخل الاضافى بالموضوع - اسم جغرافى | |
| الاسم الجغرافي | Asia |
| التقسيم الفرعي الشكلي | Periodicals. |
| 651 #0 - المدخل الاضافى بالموضوع - اسم جغرافى | |
| الاسم الجغرافي | Oceania |
| التقسيم الفرعي الشكلي | Periodicals. |
| 651 #6 - المدخل الاضافى بالموضوع - اسم جغرافى | |
| الاسم الجغرافي | Extrême-Orient |
| التقسيم الفرعي الشكلي | Périodiques. |
| 651 #6 - المدخل الاضافى بالموضوع - اسم جغرافى | |
| الاسم الجغرافي | Australasie |
| التقسيم الفرعي الشكلي | Périodiques. |
| 700 1# - المدخل الاضافى - اسم شخصى | |
| الإسم الشخصى | Khan , Meena |
| الدور | Associate Editor |
| 942 ## - عناصر المدخل الإضافي( كوها) | |
| مصدر التصنيف او مخطط الترفيف | Dewey Decimal Classification |
| Koha [default] item type | كتاب |
| 260 ## - PUBLICATION, DISTRIBUTION, ETC. (IMPRINT) | |
| -- | London : |
| -- | Routledge , |
| 776 08 - مدخل الشكل المادى الاضافى | |
| نص العرض | Online version: |
| العنوان | Far East and Australasia |
| رقم ضبط التسجيلة | (OCoLC)607807597 |
| 785 01 - مدخل لاحق | |
| العنوان | South Asia (London, England) |
| رقم ضبط التسجيلة | (DLC) 2004222588 |
| -- | (OCoLC)54017151 |
| 830 #0 - المدخل الاضافى بالسلسلة -عنوان موحد | |
| عنوان موحد | Regional surveys of the world. |
| 863 41 - التعداد و التتابع الزمنى - وحدة ببليوجرافية | |
| -- | 1.1 |
| -- | 1 |
| -- | 1969 |
| 863 41 - التعداد و التتابع الزمنى - وحدة ببليوجرافية | |
| -- | 2.1 |
| -- | <33> |
| -- | <2002> |
| حالة التراجع | حالة الفقد | مصدر التصنيف او خطة الترفيف | حالة تلف | ليس للاعارة | المكان المؤقت | الموقع الحالى | تاريخ الاكتساب | اجمالي اﻻعارات | رقم الطلب | الباركود | تاريخ اخر مشاهدة | تاريخ تفعيل السعر | نوع وعاء كوها |
|---|---|---|---|---|---|---|---|---|---|---|---|---|---|
| ddc | مكتبة القاهرة الكبرى | مكتبة القاهرة الكبرى | 03/10/2015 | 950 G REF/D F | 159731 | 03/10/2015 | 03/10/2015 | كتاب |

